000 00882nam a2200277 i 4500
001 103839
003 ES-MaACL
005 20230906183445.0
007 t|
008 051118s1977 sp ||||1| spa d
020 _a84-01-80106-0
080 _a613.2(083.1)
080 _a641.5(083.1)
100 1 _aMességué, Maurice.
_980678
245 1 3 _aLa naturaleza tiene razón :
_bsecretos de salud y belleza /
_cMaurice Mességué ; traducción de Josita Hernán.
250 _a2ª ed.
260 _aEsplugues de Llobregat (Barcelona) :
_bPlaza & Janés,
_c1977.
300 _a330 p., 3 h. ;
_c21 cm.
490 1 _aBiblioteca utilitaria
650 4 _aHigiene-
_vConsejos prácticos.
_9140592
650 4 _aCocina-
_vRecetas.
_911127
700 1 _aHernán, Josita.
_962776
830 1 _aBiblioteca utilitaria
_9187241
852 4 _aES-MaACL
_jA-7787
999 _c103839
_d103839